Superhero Movie Villains - Marvel - Statistics

General Stats
  • This quiz has been taken 1,251 times
  • The average score is 9 of 30
Answer Stats
Hint Answer % Correct
Spider-Man Green Goblin
83%
X-Men: First Class Magneto, Hellfire Club
83%
Thor Loki
81%
Marvel's The Avengers Loki
81%
C. America: The First Avenger Red Skull
66%
Marvel's The Avengers 2 Ultron
66%
The Incredible Hulk Abomination
61%
Spider-Man 2 Doctor Octopus
58%
Iron Man 2 Whiplash
51%
Fantastic Four Doctor Doom
47%
Iron Man Iron Monger
35%
The Amazing Spider-Man The Lizard
31%
Thor: The Dark World Malekith
30%
Blade: Trinity Dracula
25%
Iron Man 3 The Mandarin
23%
Captain America 2 The Winter Soldier
22%
The Wolverine Silver Samurai
19%
Punisher: War Zone Jigsaw
14%
Ghost Rider Blackheart
11%
Spider-Man 3 Sandman, Venom
10%
Blade Deacon Frost
9%
X-Men Magneto
8%
Hulk Mr. Banner
8%
Daredevil Bullseye, Kingpin
7%
The Amazing Spider-Man 2 Electro, Rhino
6%
Ghost Rider 2 Blackout
2%
The Punisher Howard Saint
2%
X-Men Origins: Wolverine Sabretooth, Deadpool
2%
Elektra Kirigi
1%
Blade II Reinhardt
1%
No matching quizzes found
Score Distribution
Percent of People with Each Score
Percentile by Number Answered
Your Score History
You have not taken this quiz